Green Deal and energy company obligation (Record no. 113162)

MARC details
000 -LEADER
fixed length control field 01019cad a22002055a 4500
001 - CONTROL NUMBER
control field L154802
008 - FIXED-LENGTH DATA ELEMENTS--GENERAL INFORMATION
fixed length control field 120119s2012 xxk f 000 0 eng d
035 ## - SYSTEM CONTROL NUMBER
System control number (Sirsi) u154802
041 0# - LANGUAGE CODE
Language code of text/sound track or separate title eng
110 2# - MAIN ENTRY--CORPORATE NAME
Corporate name or jurisdiction name as entry element Confederation of British Industry
9 (RLIN) 414
245 00 - TITLE STATEMENT
Title Green Deal and energy company obligation
Remainder of title CBI consultation response January 2012
Medium [electronic resource]
260 ## - PUBLICATION, DISTRIBUTION, ETC.
Place of publication, distribution, etc. [London]
Name of publisher, distributor, etc. CBI
Date of publication, distribution, etc. 2012
520 ## - SUMMARY, ETC.
Summary, etc. CBI response to government's consultation on the Green Deal and Energy Company Obligation. To be successful the scheme needs to be as consumer friendly as possible; the allocation of £200m to incentivise early adoption is welcome and a simple voucher for early adopters could further kick start the scheme.
590 ## - LOCAL NOTE (RLIN)
Local note KA
651 #4 - SUBJECT ADDED ENTRY--GEOGRAPHIC NAME
Geographic name United Kingdom
Chronological subdivision
690 ## - LOCAL SUBJECT ADDED ENTRY--TOPICAL TERM (OCLC, RLIN)
Topical term or geographic name as entry element Energy
9 (RLIN) 6237
690 ## - LOCAL SUBJECT ADDED ENTRY--TOPICAL TERM (OCLC, RLIN)
Topical term or geographic name as entry element Sustainability
9 (RLIN) 6271
856 40 - ELECTRONIC LOCATION AND ACCESS
Uniform Resource Identifier <a href="https://www.cbi.org.uk/media/1260898/cbi_response_to_green_deal_and_eco_consultation_-_jan_2012.pdf">https://www.cbi.org.uk/media/1260898/cbi_response_to_green_deal_and_eco_consultation_-_jan_2012.pdf</a>
Public note View the report free of charge at www.cbi.org.uk
942 ## - ADDED ENTRY ELEMENTS (KOHA)
Suppress in OPAC 0
Holdings
Withdrawn status Lost status Source of classification or shelving scheme Damaged status Not for loan Home library Current library Shelving location Date acquired Total Checkouts Full call number Barcode Date last seen Copy number Price effective from Koha item type
    Dewey Decimal Classification     Virtual Virtual Online 19/01/2012   ONLINE PUBLICATION 154802-2001 06/08/2019 1 06/08/2019 Book